000 00990cam a2200205 4500
001 WB3547-19
008 000000n1999 000 0 eng u
035 _a(Sirsi) u102957
245 _aAverting housing chaos
260 _c1999
490 _aBuilding Homes
_vDecember 1999, 8(1)
520 _aResearch to be published at the launch of the RICS Research Foundation sets out three scenarios for the impact of government policy on housing up to 2020 set against general market sentiment of 'managed uncertainty'. These are: a macro-economic climate of low inflation increasing risks of borrowing; low-income growth slowing house prices; changing job patterns increasing uncertainty over commitment to mortgages in part offset by the invention of more flexible loans.
590 _aWB
650 _aABOUT RICS-RELATED ORGANISATIONS-RICS RESEARCH FOUNDATION
650 _aGOVERNMENT POLICY
650 _aHOUSING MARKET
650 _aUNCERTAINTY
690 _aHOUSING
942 _n0
999 _c61859
_d61859